• 首页
  • 本馆介绍
  • 公告通知
  • 最新文献
  • 馆藏检索
  • 电子资源
  • 读者导购
  • 参考咨询
  • 我的图书馆
  • 登录
  • 详细信息显示
  • 放入我的书架
  • 预约/预借图书
  • 作者相关作品
  • 分类相关作品
  • 丛书相关作品
  • 出版社相关作品

书目信息

  • 表格格式
  • 工作单格式
  • 卡片格式
题名:
最受欢迎的歌曲
    
 
作者: 张前 编
分册:  
出版信息: 郑州   中原农民出版社  1993.04
页数: 182页
开本: 19cm
丛书名:
单 册:
中图分类: J642.1
科图分类:
主题词: 群众歌曲--中国
电子资源:
ISBN: 7-80538-494-0
000 00563nam0 2200205 45
001 0405121625
005 20050422100003.9
010    @a7-80538-494-0@dCNY3.20
100    @a20040512d1993 km y0chiy0120 ea
101 0  @achi
105    @a z 000yy
200 1  @a最受欢迎的歌曲@AZui Shou Huan Ying De Ge Qu@e93'@f张前编@FZhang Qian Bian
210    @a郑州@c中原农民出版社@d1993.04
215    @a182页@d19cm
517    @a93'
606 0  @a群众歌曲@x中国
690    @aJ642.1@v3
701  0 @a张前@4编
801    @aCN@bPftUser@c20040512
905    @dJ642.1@e136@f1@b264075
    
    最受欢迎的歌曲:93'/张前编.-郑州:中原农民出版社,1993.04
    182页;19cm
    
    
    ISBN 7-80538-494-0:CNY3.20
    
●
相关链接 在E读中查询图书 在五车中查询图书 在当当中查询图书 在豆瓣中查询图书


正题名:最受欢迎的歌曲     索取号:J642.1/136         预约/预借

序号 登录号 条形码 馆藏地/架位号 状态 备注
1 0259807   001203138   第一样本阅览室/ [索取号:J642.1/136] 在馆    
2 0259808   001203094   第一借阅区/ [索取号:J642.1/136] 在馆    
3 0259809   001203147   第一借阅区/ [索取号:J642.1/136] 在馆    
4 0264075   001203129   第一借阅区/ [索取号:J642.1/136] 在馆    
5 0264076   001203156   第一借阅区/ [索取号:J642.1/136] 在馆    
唐山师范学院图书馆 欢迎您!
大连网信软件有限公司© 版权所有